[Event "ChessOrg Schachfestival 2024 Bad Wörishofen"]
[Site "Bad Woerishofen"]
[Date "2024.03.10"]
[Round "3.1"]
[White "Li, Di"]
[Black "Akash, G."]
[Result "1-0"]
[WhiteElo "2567"]
[BlackElo "2411"]
[Annotator "wempe"]
[PlyCount "83"]
[EventDate "2024.03.08"]

1. e4 c5 2. Nf3 e6 3. Nc3 Nc6 4. a3 Nf6 5. Bb5 Nd4 6. e5 Nxb5 7. Nxb5 a6 8. Nc3 Ng8 9. d4 d5 10. O-O cxd4 11. Nxd4 Ne7 12. Be3 Nc6 13. f4 Be7 14. Qd2 Bd7 15. Nxc6 Bxc6 16. Bd4 O-O 17. Rf3 Qc7 18. Re1 b5 19. Ne2 a5 20. Ng3 Bd7 21. Nh5 Rfc8 22. Rc3 Qd8 23. Rg3 g6 24. f5 exf5 25. e6 Bxe6 26. Rxe6 fxe6 27. Qh6 Kf7 28. Qxh7+ Ke8 29. Rxg6 Kd7 30. Qf7 Ra6 31. Rg8 Qc7 32. Nf6+ Kd6 33. Re8 Ra7 34. Rxc8 Qxc8 35. Bxa7 Qxc2 36. Bb8+ Kc6 37. Qxe6+ Kb7 38. Qxe7+ Kxb8 39. Qe5+ Kc8 40. h4 Qc5+ 41. Kh2 a4 42. Qxf5+ 1-0

[Event "ChessOrg Schachfestival 2024 Bad Wörishofen"]
[Site "Bad Woerishofen"]
[Date "2024.03.10"]
[Round "3.2"]
[White "Bharath, Subramaniyam H"]
[Black "Guttenthaler, Franz"]
[Result "1/2-1/2"]
[WhiteElo "2530"]
[BlackElo "2286"]
[Annotator "wempe"]
[PlyCount "100"]
[EventDate "2024.03.08"]

1. e4 e6 2. d4 d5 3. exd5 exd5 4. Bf4 Bd6 5. Qd2 c6 6. Nc3 Bxf4 7. Qxf4 Qf6 8. Nge2 Qxf4 9. Nxf4 Nf6 10. f3 O-O 11. g4 Ne8 12. Bd3 Nd6 13. O-O-O Re8 14. h4 Nd7 15. Nce2 a5 16. Ng3 b6 17. Rde1 Bb7 18. Kd2 Rxe1 19. Rxe1 g6 20. h5 Re8 21. Rxe8+ Nxe8 22. Ke3 Nd6 23. Ng2 Nb8 24. Kf4 Ba6 25. Ke5 Ne8 26. Bxa6 Nxa6 27. Ne3 Nb8 28. c4 Nd7+ 29. Kf4 Nc7 30. cxd5 cxd5 31. Nd1 f6 32. Nc3 Kf7 33. Ke3 Ke6 34. Nge2 Kd6 35. Nf4 Nf8 36. a3 b5 37. b3 Kc6 38. h6 Kd6 39. Nd3 Nfe6 40. f4 Nd8 41. Nc5 Kc6 42. f5 g5 43. Kf3 Nf7 44. a4 bxa4 45. bxa4 Nxh6 46. Ne2 Ng8 47. Nc1 Ne8 48. N1b3 Kb6 49. Nd7+ Ka6 50. Ndc5+ Kb6 1/2-1/2

[Event "ChessOrg Schachfestival 2024 Bad Wörishofen"]
[Site "Bad Woerishofen"]
[Date "2024.03.10"]
[Round "3.3"]
[White "Milov, Leonid"]
[Black "Leniart, Arkadiusz"]
[Result "1/2-1/2"]
[WhiteElo "2415"]
[BlackElo "2503"]
[Annotator "wempe"]
[PlyCount "47"]
[EventDate "2024.03.08"]

1. Nf3 d5 2. d4 Nf6 3. c4 e6 4. g3 Bb4+ 5. Bd2 Bd6 6. Nc3 c6 7. Bg2 O-O 8. O-O Nbd7 9. b3 b6 10. e4 Be7 11. exd5 cxd5 12. cxd5 Nxd5 13. Nxd5 exd5 14. Re1 Bb7 15. Ne5 Nf6 16. Bg5 h6 17. Bxf6 Bxf6 18. Qh5 Qd6 19. Rac1 Rae8 20. Re3 Re7 21. f4 Rc7 22. Rd1 Rc2 23. Re2 Rxe2 24. Qxe2 1/2-1/2

[Event "ChessOrg Schachfestival 2024 Bad Wörishofen"]
[Site "Bad Woerishofen"]
[Date "2024.03.10"]
[Round "3.4"]
[White "GB, Harshavardhan"]
[Black "Muthaiah, AL."]
[Result "1/2-1/2"]
[WhiteElo "2392"]
[BlackElo "2454"]
[Annotator "wempe"]
[PlyCount "60"]
[EventDate "2024.03.08"]

1. e4 c6 2. d4 d5 3. f3 Qb6 4. Nc3 dxe4 5. Bc4 Nf6 6. fxe4 e5 7. Nf3 exd4 8. Qxd4 Qxd4 9. Nxd4 Bc5 10. Nf3 Nbd7 11. Bf4 O-O 12. O-O-O Nb6 13. Bb3 Be6 14. Bxe6 fxe6 15. Bd6 Bxd6 16. Rxd6 Rae8 17. Ne5 Rd8 18. Rxe6 Rfe8 19. Rxe8+ Rxe8 20. Nd3 Nxe4 21. Re1 Nf6 22. Rxe8+ Nxe8 23. Nc5 Nd6 24. N3e4 Nxe4 25. Nxe4 Nc8 26. Kd2 Kf7 27. Ke3 Ke7 28. Kd4 Nd6 29. Nxd6 Kxd6 30. b4 b6 1/2-1/2

[Event "ChessOrg Schachfestival 2024 Bad Wörishofen"]
[Site "Bad Woerishofen"]
[Date "2024.03.10"]
[Round "3.5"]
[White "Harikrishnan.A.Ra"]
[Black "Dorst, Johannes"]
[Result "1-0"]
[WhiteElo "2448"]
[BlackElo "2183"]
[Annotator "wempe"]
[PlyCount "27"]
[EventDate "2024.03.08"]

1. Nf3 Nf6 2. g3 g6 3. b3 Bg7 4. Bb2 c5 5. c4 Nc6 6. Bg2 O-O 7. O-O d6 8. d4 cxd4 9. Nxd4 Bd7 10. Nc3 Qc8 11. Re1 Bh3 12. Bh1 Nxd4 13. Qxd4 Ng4 14. Nd5 1-0

[Event "ChessOrg Schachfestival 2024 Bad Wörishofen"]
[Site "Bad Woerishofen"]
[Date "2024.03.10"]
[Round "3.6"]
[White "Fischer, Daniel"]
[Black "A R, Ilamparthi"]
[Result "0-1"]
[WhiteElo "2352"]
[BlackElo "2426"]
[Annotator "wempe"]
[PlyCount "66"]
[EventDate "2024.03.08"]

1. e4 e5 2. Nf3 Nc6 3. Bb5 a6 4. Ba4 Nf6 5. O-O d6 6. Re1 Bd7 7. Bxc6 Bxc6 8. Nc3 b5 9. d4 Nd7 10. a4 bxa4 11. dxe5 dxe5 12. Nxa4 Bd6 13. b3 O-O 14. Ba3 Qe7 15. Bb2 Nf6 16. Nd2 Rfd8 17. Qe2 Bb4 18. c3 Bd6 19. Bc1 Rab8 20. Nb2 Bc5 21. Nbc4 Bb5 22. h3 Qe6 23. Ba3 Ba7 24. Bb4 Nd7 25. Ba5 Nc5 26. Bxc7 Nxb3 27. Rad1 Nxd2 28. Bxb8 Bxc4 29. Rxd2 Rxb8 30. Qd1 g6 31. Rd6 Qc8 32. Qc2 Qc5 33. Rd2 a5 0-1

[Event "ChessOrg Schachfestival 2024 Bad Wörishofen"]
[Site "Bad Woerishofen"]
[Date "2024.03.10"]
[Round "3.7"]
[White "Xiang, Zeyu"]
[Black "Vennemann, Juergen"]
[Result "1-0"]
[WhiteElo "2418"]
[BlackElo "1896"]
[Annotator "wempe"]
[PlyCount "55"]
[EventDate "2024.03.08"]

1. d4 d6 2. c4 e5 3. d5 Nf6 4. Nc3 Be7 5. e4 a5 6. f3 Nbd7 7. Be3 O-O 8. a3 Nh5 9. Nge2 Nc5 10. Rb1 a4 11. Bxc5 dxc5 12. Nxa4 f5 13. Nac3 fxe4 14. Nxe4 Bh4+ 15. g3 Rxf3 16. Bg2 Re3 17. O-O Bg4 18. N4c3 Nxg3 19. hxg3 Bxg3 20. Qd2 Bxe2 21. Nxe2 Rxe2 22. Qxe2 Qh4 23. Be4 Ra6 24. d6 Rxd6 25. Bd5+ Rxd5 26. cxd5 Qd4+ 27. Kg2 Bf4 28. Rbd1 1-0

[Event "ChessOrg Schachfestival 2024 Bad Wörishofen"]
[Site "Bad Woerishofen"]
[Date "2024.03.10"]
[Round "3.9"]
[White "Dishman, Stephen"]
[Black "Kunin, Vitaly"]
[Result "*"]
[WhiteElo "2280"]
[BlackElo "2521"]
[Annotator "wempe"]
[PlyCount "96"]
[EventDate "2024.03.08"]

1. Nf3 d6 2. d4 Bg4 3. e4 Nf6 4. Nc3 e6 5. h3 Bh5 6. g4 Bg6 7. Qe2 Be7 8. h4 h5 9. g5 Nfd7 10. Bh3 c6 11. d5 cxd5 12. exd5 e5 13. Be3 O-O 14. Nd2 Na6 15. a3 Nc7 16. Nc4 b6 17. O-O-O Nc5 18. Bxc5 bxc5 19. Na5 f5 20. Nc6 Qe8 21. Nxe5 dxe5 22. d6 Bd8 23. dxc7 Bxc7 24. Qc4+ Kh8 25. Nd5 Bd6 26. Qa6 Rd8 27. Nf4 exf4 28. Rxd6 Rxd6 29. Qxd6 Qf7 30. Bg2 Rc8 31. Bd5 Qe8 32. Qxf4 c4 33. Rd1 c3 34. b3 a5 35. Bb7 Rd8 36. Rxd8 Qxd8 37. Qe3 Qd6 38. Qxc3 Qxa3+ 39. Kb1 Qd6 40. Qxa5 Qd1+ 41. Kb2 Qd4+ 42. Kc1 Kh7 43. Bd5 Qxf2 44. Qd8 Qe3+ 45. Kb1 Be8 46. Qd6 Qg1+ 47. Ka2 Qa7+ 48. Kb1 Qg1+ *

[Event "ChessOrg Schachfestival 2024 Bad Wörishofen"]
[Site "Bad Woerishofen"]
[Date "2024.03.10"]
[Round "3.10"]
[White "Klaska, Philipp"]
[Black "Kovchan, Alexander"]
[Result "0-1"]
[WhiteElo "2163"]
[BlackElo "2477"]
[Annotator "wempe"]
[PlyCount "84"]
[EventDate "2024.03.08"]

1. d4 Nf6 2. c4 g6 3. Nf3 Bg7 4. g3 c6 5. Bg2 d5 6. O-O dxc4 7. a4 Ne4 8. Na3 Nd6 9. Re1 Na6 10. Bf4 O-O 11. Rc1 Nb4 12. Nxc4 Nxc4 13. Rxc4 a5 14. Rc1 Be6 15. e4 Bg4 16. Rc4 e5 17. Bxe5 Bxe5 18. dxe5 Nd3 19. Re3 Nxb2 20. Qxd8 Rfxd8 21. Rc1 Nxa4 22. h3 Be6 23. Ng5 Rd4 24. Nxe6 fxe6 25. Bf3 Kf7 26. Bg4 Ke7 27. f4 Rad8 28. f5 Rd3 29. Kf2 Nb2 30. f6+ Kf7 31. Rb1 Rd2+ 32. Re2 Nd3+ 33. Ke3 Nxe5 34. Rxd2 Nc4+ 35. Kf4 Rxd2 36. Rxb7+ Kxf6 37. e5+ Nxe5 38. Rxh7 Nf7 39. Ke3 Rg2 40. Kf3 Rb2 41. Rh4 a4 42. Ke3 g5 0-1

[Event "ChessOrg Schachfestival 2024 Bad Wörishofen"]
[Site "Bad Woerishofen"]
[Date "2024.03.10"]
[Round "3.11"]
[White "Zhao, Yuanhe"]
[Black "Luebke, Florentin"]
[Result "1-0"]
[WhiteElo "2461"]
[BlackElo "2187"]
[Annotator "wempe"]
[PlyCount "119"]
[EventDate "2024.03.08"]

1. c4 e5 2. Nc3 Nf6 3. Nf3 Nc6 4. g3 Bb4 5. Nd5 Bd6 6. Bg2 Nxd5 7. cxd5 Ne7 8. Ng5 c6 9. Ne4 Qc7 10. dxc6 dxc6 11. O-O O-O 12. d3 Nd5 13. Bd2 Be7 14. Qc2 Qb6 15. Rfc1 Be6 16. Rab1 Nb4 17. Bxb4 Qxb4 18. a3 Qd4 19. b4 a5 20. e3 Qd8 21. Qc3 axb4 22. axb4 Ra2 23. Rd1 Qc7 24. Nc5 Bxc5 25. Qxc5 Rc8 26. Rbc1 Qb8 27. d4 exd4 28. Qxd4 g6 29. h4 h5 30. Qf6 Re8 31. Rc5 Qc7 32. Bf3 Qe7 33. Qd4 Bg4 34. Bxg4 hxg4 35. h5 Qe4 36. hxg6 fxg6 37. Qxe4 Rxe4 38. b5 Re6 39. Rd8+ Kg7 40. bxc6 bxc6 41. Rd4 Rf6 42. Rf4 Rxf4 43. gxf4 g3 44. fxg3 Re2 45. Rc3 Kh6 46. g4 g5 47. Kf1 Ra2 48. Rxc6+ Kh7 49. f5 Ra4 50. Kf2 Rxg4 51. Rg6 Kh8 52. Kf3 Rg1 53. Ke4 Kh7 54. Ke5 Rg2 55. e4 Rg1 56. Kf6 g4 57. e5 g3 58. e6 g2 59. Rg3 Kh8 60. e7 1-0

[Event "ChessOrg Schachfestival 2024 Bad Wörishofen"]
[Site "Bad Woerishofen"]
[Date "2024.03.10"]
[Round "3.12"]
[White "De Francesco, Klaus"]
[Black "Arnold, Max"]
[Result "0-1"]
[WhiteElo "2117"]
[BlackElo "2290"]
[Annotator "wempe"]
[PlyCount "92"]
[EventDate "2024.03.08"]

1. d4 Nf6 2. Nf3 g6 3. c4 Bg7 4. Nc3 d5 5. e3 O-O 6. Qb3 e6 7. Bd2 b6 8. cxd5 exd5 9. Be2 c5 10. O-O Nc6 11. dxc5 bxc5 12. Rfd1 Rb8 13. Qa3 Qe7 14. Be1 Rd8 15. Rac1 Bf5 16. Na4 Ne4 17. Nd2 Nb4 18. Nxe4 Bxe4 19. Bxb4 cxb4 20. Qb3 d4 21. exd4 Bxd4 22. Bf3 Bxf3 23. Qxf3 Rb5 24. Rd2 Rf5 25. Qc6 Kg7 26. Qc2 Qf6 27. b3 a5 28. Rf1 Re8 29. Qd3 Ba7 30. Qc2 Bd4 31. Qd3 Rd8 32. Qc2 Rfd5 33. Qc4 R5d6 34. Qc2 h5 35. h3 h4 36. Qe4 Qg5 37. Re2 Re6 38. Qf3 Rf6 39. Qe4 Rd5 40. Nb2 Re5 41. Qc2 Rc5 42. Qe4 Rf4 43. Qd3 Rc3 44. Qd2 Rg3 45. Nd3 Rxg2+ 46. Kh1 Rf3 0-1

[Event "ChessOrg Schachfestival 2024 Bad Wörishofen"]
[Site "Bad Woerishofen"]
[Date "2024.03.10"]
[Round "3.13"]
[White "Raupp, Thomas"]
[Black "Pitschka, Claus"]
[Result "1-0"]
[WhiteElo "2259"]
[BlackElo "2105"]
[Annotator "wempe"]
[PlyCount "55"]
[EventDate "2024.03.08"]

1. d4 d5 2. c4 c6 3. Nc3 Nf6 4. e3 Bf5 5. cxd5 cxd5 6. Qb3 Nc6 7. Qxb7 Bd7 8. Qb3 Rb8 9. Qd1 e5 10. Nf3 Bd6 11. dxe5 Nxe5 12. Be2 Nxf3+ 13. Bxf3 Qc7 14. h3 O-O 15. O-O Bh2+ 16. Kh1 Be5 17. Nxd5 Nxd5 18. Bxd5 Rfd8 19. Qf3 Bb5 20. Re1 Rb6 21. e4 Rg6 22. Be3 Qe7 23. Rad1 Rdd6 24. Bc5 Rgf6 25. Qb3 Qe8 26. Bxd6 Bxd6 27. e5 Bxe5 28. Rxe5 1-0

[Event "ChessOrg Schachfestival 2024 Bad Wörishofen"]
[Site "Bad Woerishofen"]
[Date "2024.03.10"]
[Round "3.18"]
[White "Gutman, Lev"]
[Black "Hohlfeld, Wolfgang"]
[Result "1-0"]
[WhiteElo "2303"]
[BlackElo "2043"]
[Annotator "wempe"]
[PlyCount "93"]
[EventDate "2024.03.08"]

1. Nf3 Nf6 2. g3 g6 3. Bg2 Bg7 4. O-O d5 5. d4 O-O 6. Bf4 c5 7. dxc5 Na6 8. Qc1 Nxc5 9. c4 dxc4 10. Qxc4 Nce4 11. Qb3 Qd5 12. Qxd5 Nxd5 13. Be5 Ndf6 14. Nfd2 Nc5 15. Rc1 Ncd7 16. Bd4 Rd8 17. Nc4 Nb8 18. Bb6 Re8 19. Bc7 Nc6 20. Na5 Nxa5 21. Bxa5 Be6 22. Nc3 Rab8 23. Nb5 b6 24. Bc3 Rbc8 25. Nxa7 Rc5 26. Bd4 Ra5 27. Nc6 Rxa2 28. Rxa2 Bxa2 29. Bxb6 Bd5 30. Bd4 Bxg2 31. Kxg2 Nd5 32. e4 Bxd4 33. Nxd4 Nb4 34. Rc7 Nd3 35. b3 e6 36. Kf3 Rd8 37. Ke3 Ne5 38. h3 g5 39. f4 gxf4+ 40. gxf4 Ng6 41. f5 exf5 42. exf5 Re8+ 43. Kf3 Ne5+ 44. Kf4 Kg7 45. Ne6+ Kf6 46. Nc5 Kg7 47. b4 1-0

[Event "ChessOrg Schachfestival 2024 Bad Wörishofen"]
[Site "Bad Woerishofen"]
[Date "2024.03.10"]
[Round "3.19"]
[White "Phatak, Aanjaneya"]
[Black "S, Rohit"]
[Result "0-1"]
[WhiteElo "2040"]
[BlackElo "2267"]
[Annotator "wempe"]
[PlyCount "91"]
[EventDate "2024.03.08"]

1. e4 e5 2. Nf3 Nc6 3. Bb5 a6 4. Ba4 Nf6 5. O-O d6 6. Re1 Bd7 7. c3 g6 8. d4 Bg7 9. h3 O-O 10. Bc2 Nh5 11. Bg5 Qe8 12. Qd2 f5 13. exf5 gxf5 14. Nh4 e4 15. g4 fxg4 16. Rxe4 Qc8 17. Re2 Nf6 18. hxg4 Bxg4 19. f3 Bxf3 20. Bf5 Bxe2 21. Bxc8 Raxc8 22. Bxf6 Bxf6 23. Qxe2 Bxh4 24. Qg4+ Kh8 25. Qxh4 Rf5 26. Qh3 Rg8+ 27. Kh1 Rgg5 28. Qe3 Rg6 29. Qe2 Rfg5 30. Qh2 Kg7 31. Nd2 Rh6 32. Qxh6+ Kxh6 33. Re1 Rf5 34. Kg2 Kg7 35. Re8 Rf8 36. Re3 Rf7 37. Rg3+ Kf8 38. Rh3 Ne7 39. Ne4 Nf5 40. Kh2 h6 41. Ng3 Nxg3 42. Kxg3 Kg7 43. Rh2 Kg6 44. Re2 Kg5 45. Re3 Rg7 46. a4 0-1